Plyn do Evropy - kolik, od koho, kudy?

Prognózy o spotrebe zemného plynu. Dodávky ruského plynu do Európy. Závislosť európskych krajín na dodávkach ruského zemného plynu. Ďalší dodávatelia zemného plynu do Európy. Trasy plynovodov. Stav plynárenského systému v Českej republike.

Enregistré dans:
Détails bibliographiques
Auteur principal: Petržilka, Oldřich
Format: Chapitre de livre
Langue:tchèque
Sujets:
Tags: Ajouter un tag
Pas de tags, Soyez le premier à ajouter un tag!

MARC

LEADER 00000naa$a2200000$$$4500
001 0214404
005 20221019174113.5
041 0 |a cze 
044 |a CZ 
245 1 0 |a Plyn do Evropy - kolik, od koho, kudy?  |c Oldřich Petržilka 
520 |a Prognózy o spotrebe zemného plynu. Dodávky ruského plynu do Európy. Závislosť európskych krajín na dodávkach ruského zemného plynu. Ďalší dodávatelia zemného plynu do Európy. Trasy plynovodov. Stav plynárenského systému v Českej republike. 
610 2 0 |a Rusko 
610 2 0 |a Európa 
610 2 0 |a Česko 
610 2 0 |a plyn zemný 
610 2 0 |a plynovody 
610 2 0 |a priemysel palivovo-energetický 
100 1 |a Petržilka, Oldřich